000
00294nam a22001337a 4500
008
180922b xxu||||| |||| 00| 0 eng d
020
_a
9780195084863
041
_a
eng
080
_a
321
100
_a
19
101
_a
SHP
245
_a
Governments of the World
_c
Pious, R.M
942
_2
udc
_c
BK
999
_c
48302
_d
48302